000 00417nam a2200181Ia 4500
001 10024
005 20260306161801.0
008 260306t1998||||xx |||||||||||||| ||spa||
041 _aESP
082 _aS PE
_b869.56 V23C
100 _aVallejo, César,
_eAUT
245 0 _aPoemas completos
260 _c1998
300 _a479 páginas :
_c20 cm.
650 _aGEN
654 _aCHU
942 _cLIB
_dJUS
_fJUS
_2ddc
_n
999 _c10024
_d10024